| 000 | 01210cam a22003375a 4500 | ||
|---|---|---|---|
| 001 | 3575465 | ||
| 005 | 20151117154651.0 | ||
| 006 | m||||f ||z 00| 0 | ||
| 008 | 990218r20001999njua frb 001 0 eng d | ||
| 020 | _a0130138517 (alk. paper) | ||
| 020 | _a9780130138514 | ||
| 040 |
_aDLC _cDLC _dDLC _dEG-ScBUE _beng |
||
| 082 | 0 | 4 |
_a660.015194 _222 _bCON |
| 100 | 1 |
_aConstantinides, A. _938770 |
|
| 245 | 1 | 0 |
_aNumerical methods for chemical engineers with MATLAB applications / _cAlkis Constantinides, Navid Mostoufi. |
| 250 | _aReprint ed. | ||
| 260 |
_aUpper Saddle River : _bPrentice Hall PTR, _c2000. |
||
| 300 |
_axxv, 559 p. : _bill. ; _c25 cm. + _eCD-ROM (4 3/4 in.) |
||
| 490 | 0 | _aPrentice-Hall international series in the physical and chemical engineering sciences | |
| 500 | _aIndex : p. 545-588. | ||
| 500 | _aReprinted of the 1999 ed. | ||
| 504 | _aIncludes bibliographical references. | ||
| 630 | 0 | 7 | _aMATLAB. |
| 650 | 7 |
_aNumerical analysis _xData processing. _2BUEsh _911374 |
|
| 650 | 0 |
_aChemical engineering _xMathematics _xData processing. _2BUEsh |
|
| 651 | _2BUEsh | ||
| 653 |
_bENGCHE _cNovember2015 |
||
| 655 |
_vReading book _934232 |
||
| 700 | 1 | _aMostoufi, Navid. | |
| 942 | _2ddc | ||
| 999 |
_c21060 _d21032 |
||